Evolution of the Market Process : Austrian and Swedisch economics

Spremljeno u:
Bibliografski detalji
Glavni autor: Bellet, Michel
Format: Knjiga
Jezik:Undetermined
Izdano: London Routledge 2005
Teme:
Oznake: Dodaj oznaku
Bez oznaka, Budi prvi tko označuje ovaj zapis!
Thư viện lưu trữ: Trung tâm Học liệu Trường Đại học Cần Thơ
LEADER 00575nam a2200217Ia 4500
001 CTU_93219
008 210402s9999 xx 000 0 und d
020 |c 145.31 
082 |a 330.15 
082 |b B442 
100 |a Bellet, Michel 
245 0 |a Evolution of the Market Process : 
245 0 |b Austrian and Swedisch economics 
245 0 |c Michel Bellet 
260 |a London 
260 |b Routledge 
260 |c 2005 
650 |a Economics,Economics 
650 |z Austria,Sweden 
904 |i Năm,Hải 
980 |a Trung tâm Học liệu Trường Đại học Cần Thơ